| 000 | nam a22 a 4500 | ||
|---|---|---|---|
| 999 |
_c1134 _d1134 |
||
| 003 | AKMAL | ||
| 005 | 20170508142427.0 | ||
| 008 | 170508s1996 my e 000 0 may d | ||
| 020 |
_a9676106135 (kkt.): _cRM 8.00 |
||
| 039 | 9 |
_a201409150754 _bmanoriah_oclc |
|
| 040 |
_aAKMAL _cAKMAL |
||
| 049 | _amal | ||
| 082 | _a297.43 ABD | ||
| 090 | 0 | 0 |
_a297.43 _bABD |
| 090 | 2 | 0 |
_a297.43 _bABD |
| 100 | 0 |
_aAbdul Syukur Abdul Rahman _92195 |
|
| 245 | 1 | 0 |
_aSalat cara Rasulullah / _cAbdul Syukur Abdul Rahman |
| 260 |
_aKuala Lumpur : _bUtusan Publications & Distributors dan Akademi Keluarga Bahagia Malaysia, _c1996 |
||
| 300 |
_av, 87ms. ; _c19cm |
||
| 440 | 0 |
_aSiri fardu ain Utusan-Akrab _92331 |
|
| 650 | 1 | 0 |
_aPrayer _xIslam _91518 |
| 942 |
_2ddc _cBOOK |
||